000 00771cam a2200241 u 4500
003 MX-MxUPN
005 20240412063641.0
008 190904s2004 a br 000 j spa d
020 _a9803293516
035 _aUPN01000232605
040 _aMX-MxUPN
_bspa
050 4 _aPZ74.1
_bS27 2000
245 0 3 _aEl sapito Colocoy :
_bcuento araucano
260 _a[Lugar de publicación no identificado] :
_bLecturas Felices,
_c[200?]
300 _a[17] páginas :
_bilustraciones a color
490 0 _aLeyendas y cuentos latinoamericanos
650 4 _951498
_aCuentos araucanos
650 4 _aSapos
_vCuentos y leyendas
_912202
700 1 _951499
_aCuero, Francisco
_eilustración
902 _bVíctorGodínez/110424
942 _2lcc
_cLIBRO
999 _c204700
_d204700